Loading...
System software: an introduction to systems programming
| Hovedforfatter: | |
|---|---|
| Format: | Printed Book |
| Udgivet: |
New York, Addison-Wesley
1997
|
| Udgivelse: | Ed.3 |
| Fag: |
| LEADER | 005460000a22001690004500 | ||
|---|---|---|---|
| 020 | |a 0-201-42300-6 | ||
| 082 | |a 005.42 N7 | ||
| 100 | |a Beck, Leland L | ||
| 245 | |a System software: an introduction to systems programming | ||
| 250 | |a Ed.3 | ||
| 260 | |a New York, Addison-Wesley | ||
| 260 | |c 1997 | ||
| 465 | |a D 25.27 | ||
| 650 | |a Computer programming language | ||
| 942 | |c BK | ||
| 999 | |c 17825 |d 17825 | ||
| 952 | |0 0 |1 0 |4 0 |6 005_420000000000000_N7 |7 0 |8 ENG |9 17631 |a MGUL |b MGUL |d 2013-07-16 |e D 25.27 |l 3 |m 2 |o 005.42 N7 |p 28120 |r 2018-12-22 |s 2018-08-04 |w 2013-07-16 |y BK | ||